00486nam a2200181 a 450000100060000000300090000600800410001502000150005604000280007108200090009910000200010824500560012826000460018430000110023049000250024165000160026665000220028217479CO-ViMGA141112s2004 ck r 000 u spa d a8477224315 aCO-ViMGAbspacCO-ViMGA04aSECt1 aBalanya, Ismael10aEl secreto de la tinta mágica y siete casos más aBarcelona (España), cTimun Mas, c1993 a123.p. aResuelve el misterio14aADIVINANZAS14aJUEGOS INFANTILES